000 00548nam a2200193 a 4500
001 1760786493584
003 ACL
005 20251018165652.0
008 251018s2017##################000#0#eng##
020 _a0243313527
082 0 4 _a580
_bBOR
100 1 _aBornet, Edouard,
_eauthor.
245 1 0 _aRevision des Nostocacées Hétérocystées Contenues dans les Principaux Herbiers de France (Classic Reprint) :
260 _bForgotten Books,
_c2017.
300 _a290 pages
650 0 _aScience.
942 _cENGLISH
040 _aACL
_beng
_cACL
999 _c592421
_d592421